000 01313nam a2200265 i 4500
001 180319
003 ES-MaACL
005 20240529101717.0
008 120528s2005 sp | |||| ||spa d
020 _a84-96452-04-2
080 _a821.134.2-22"16"
100 1 _aMolina, Tirso de,
_d1579-1648
_9226522
245 1 0 _aSegunda parte de las comedias /
_cTirso de Molina ; [edición de Mª del Pilar Palomo e Isabel Prieto ; prólogo de Mª del Pilar Palomo].
260 _aMadrid :
_bFundación José Antonio de Castro,
_c[2005]
300 _aXXX, 1123 p. ;
_c23 cm.
490 1 _aBiblioteca Castro
490 1 _aObras completas de Tirso de Molina ;
_v4
505 8 _aContiene: La Reina de los Reyes. Amor y celos hacen discretos. Quien habló pagó. Siempre ayuda la verdad. Los amantes de Teruel. Por el sótano y el torno. Cautela contra cautela. La mujer por fuerza. El condenado por desconfiado. Próspera fortuna de don Álvaro de Luna y adversa de Ruy López Dávalos. Adversa fortuna de don Álvaro de Luna. Esto sí que es negociar
700 1 _aPalomo, María del Pilar,
_d1933-
_9144616
700 1 _aPrieto, Isabel.
_9150141
830 0 _aBiblioteca Castro
_9178957
830 0 _aObras completas de Tirso de Molina ;
_v4
_9191247
852 _aES-MaACL
_jL-29899
999 _c180319
_d180319